02483nam a2200301 a 4500001001000000003000400010005001700014008004100031040002500072082002700097100003700124245008200161250001200243260004300255300004400298500007300342505097500415505038501390590002601775650005901801650003201860651005301892651004201945910003801987942001402025952012502039999001702164000037810OSt20260321073642.0130306s1991 dr a 000 0 spa d aDO-SdBNPbspacBNPHU a305.57293bB742c, 19911 a Bosch, Juan, d1909-200197655510aComposición social dominicana :bhistoria e interpretación /cJuan Bosch. a17a ed. aSanto Domingo :bAlfa y Omega ,c1991. a418 p. :bil. ; mapas; retrs. ;c24 cm. aIncluye referencias bibliográficas y notas al pie de las páginas0 aUn preámbulo necesario --aOrigen de las clases sociales en Santo Domingo --aAparición y declinación de una oligarquía del azúcar --aDe los ingenios a los hatos --aEl desarrollo de la sociedad hatera --aLa curiosa sociedad de los bucaneros --aLa colonia francesa de Saint-Domingue --aEl siglo de la miseria --aDe la inamovilidad del siglo XVII al dinamismo del siglo XVIII --aMedio siglo de relativo desarrollo --aSanto Domingo en el panorama del Caribe --aLa revolución haitiana --aEl caso de las emigraciones --aEl gobierno de los hateros y la sociedad de los cosecheros de tabaco --aLas causas de la invasión haitiana en 1822 --aLa pequeña burguesía en la historia dominicana --aLa pequeña burguesía contra el poder de los hateros --a1857-1861. Luchas en el seno de la pequeña burguesía --aLa restauración, obra de la pequeña burguesía --aEl largo reinado de la pequeña burguesía en la vida política nacional --0 aLa composición social y los partidos políticos de la época --aEl gobierno de los azules o el camino hacia la sociedad burguesa --aDe la muerte de Heureaux a la muerte de Cáceres --aEl imperialismo en acción --aLa composición social hasta 1930 --aTrujillo, o el paso de la pequeña burguesía a la burguesía --aLa composición social a la muerte de Trujillo. aInventariado, 2018/BT 4aClases socialeszRepública DominicanaxHistoria9413 4aSociologíaxHistoria9414 4aRepública DominicanaxCondiciones sociales946 4aRepública DominicanaxHistoria9170 aValidado. Control de calidad. MFF 2ddccLBS1 0010718PDaPDbPDcHDd2013-03-06iLF1l0o305.57293 B742c, 1991p37810-10r2020-06-25w2020-06-25yLFPDZNo se presta c37300d37300